Contentious traditions : the debate on Sati in colonial India

Αποθηκεύτηκε σε:
Λεπτομέρειες βιβλιογραφικής εγγραφής
Κύριος συγγραφέας: Mani, Lata 1956-
Μορφή: Βιβλίο
Γλώσσα:English
Δημοσίευση: Berkeley; Los Angeles; London : University of California Press, c1998
Θέματα:
Ετικέτες: Προσθήκη ετικέτας
Δεν υπάρχουν, Καταχωρήστε ετικέτα πρώτοι!

MARC

LEADER 00000nam a2200000 i 4500
001 1/60108
008 040914s1998 eng d
020 |a 0520-21407-2 
035 |l 10074237 
040 |a GR-MY-UA  |b gre  |e aacr 
041 0 |a eng 
082 0 |a 393.9  |2 (21) 
100 1 |a Mani, Lata  |d 1956- 
245 1 0 |a Contentious traditions :  |b the debate on Sati in colonial India /  |c Lata Mani 
260 |a Berkeley; Los Angeles; London :   |b University of California Press,   |c c1998 
300 |a xiv, 246 σ.;  |b εικ.;  |c 23 εκ. 
504 |a Περιέχει βιβλιογραφία και ευρετήριο 
650 0 0 |a Sati. 
852 |a INST  |b LESVOS  |e 20040914  |h 393.9 MAN  |p 005100030584  |q 005100030584  |t BK  |y 0 
901 |a BIBL1-2004-3 
909 |a Λ  |b 113365 
922 |a 1ΕΛΗ  |b 200409  |c ΕΠΕΑΕΚ2/ΤΚΑ  |d ΜΙΧΑΛΟΠΟΥΛΟΣ 
950 |a 117-2004-06-15 
970 |a ΧΡΙΣΤΟΦΑ  |b ΝΙΚΗ  |z 2004/11/03